LEADER 01023nam a2200253 i 4500 001 000000168168 003 CaOOAMICUS 005 20071221000000.0 008 071221s1979 it u000 u ita u 013 $a145570 040 $aSeMil$bita 245 10$aCracovia /$cA cura di Jan K. Ostrowski ; introduzione di Emanuel Rostworowski. 260 $aBologna :$bCSEO,$c1979. 300 $a129 p., [1] c. di tav. a colori :$briccamente ill. ;$c21 cm. 490 0 $aCSEO Itinerari 650 4$aCracovia .$0(OLS)http://semarc/subject/18830 700 1 $aRostworowski, Emanuel.$0(OLS)http://semarc/name/63157 700 1 $aOstrowski, Jan K.$0(OLS)http://semarc/name/63156 830 0$aCSEO Itinerari.$0(OLS)http://semarc/title/25002 850 $aSeMil 852 $aSeMil$W1$xVenegono$y1$m4Y III 44$j119257$B119257$CSeMilBibl$Z2$F130201 $81 961 $aLascito: Cazzaniga don Francesco 996 $6245$aCracovia$9(OLS)http://semarc/title/240580 996 $6260$aBologna :$bCSEO$9(OLS)http://semarc/publisher/30794 LEADER 00954nam a2200241 i 4500 001 000000208442 003 CaOOAMICUS 005 20111121000000.0 008 111121s1923 it u000 u ita u 013 $a187227 040 $aSeMil$bita 100 1 $aBarbiera, Raffaello,$d<1851-1934>.$0(OLS)http://semarc/name/8134 245 10$aItaliane gloriose /$cmedaglioni di Raffaello Barbiera. 260 $aMilano :$bVallardi,$c1923. 300 $a384 p. ;$c17 cm. 490 0 $aIncontro alla vita 650 4$aBiografie - Sec. 20.$0(OLS)http://semarc/subject/14648 650 4$aDonne celebri - Sec. 19.-20.$0(OLS)http://semarc/subject/32700 830 0$aIncontro alla vita.$0(OLS)http://semarc/title/34797 850 $aSeMil 852 $aSeMil$W1$xVenegono$y1$m3J I 435$j257631$B158896$CSeMilBibl$Z2$F170000 $81 996 $6245$aItaliane gloriose$9(OLS)http://semarc/title/301419 996 $6260$aMilano :$bVallardi$9(OLS)http://semarc/publisher/30148